[Event "2BLO 1819 SC NT Nürnberg - SK Passau"]
[Site "?"]
[Date "2019.03.24"]
[Round "10.1"]
[White "Schwabeneder, Florian"]
[Black "Maximov, Dmitry"]
[Result "0-1"]
[WhiteElo "2430"]
[BlackElo "2482"]
[PlyCount "110"]
[EventDate "2019.??.??"]

1. e4 c5 2. Nf3 d6 3. c3 Nf6 4. Be2 e5 5. O-O Be7 6. Bb5+ Nbd7 7. Re1 O-O 8. d4
a6 9. Ba4 b5 10. Bc2 Bb7 11. Nbd2 Re8 12. d5 c4 13. b3 cxb3 14. axb3 Qc7 15.
Bb2 Rec8 16. Qe2 g6 17. b4 Nh5 18. g3 Nb6 19. Rec1 Ng7 20. Bb3 Nc4 21. Nxc4
bxc4 22. Bc2 Rf8 23. Rd1 f5 24. Bc1 f4 25. gxf4 exf4 26. Nd4 f3 27. Nxf3 Rae8
28. Ba4 Bc8 29. Nd4 Rd8 30. f4 Bf6 31. Be3 Qe7 32. Qf3 Bxd4 33. Bxd4 Nh5 34. f5
Nf6 35. Re1 Qf7 36. Ra2 gxf5 37. exf5 Kh8 38. Rg2 Rg8 39. Rg3 Rdf8 40. Bc6 Rg7
41. Kh1 Rxg3 42. hxg3 Qg7 43. Qf4 Kg8 44. g4 h6 45. Rg1 Qe7 46. g5 Qe4+ 47.
Qxe4 Nxe4 48. gxh6+ Kh7 49. Bg7 Rxf5 50. Be8 Ng5 51. Bc6 Ne4 52. Re1 Rf4 53.
Ra1 Bg4 54. Kg2 Rf2+ 55. Kg1 Bh3 0-1

[Event "2BLO 1819 SC NT Nürnberg - SK Passau"]
[Site "?"]
[Date "2019.03.24"]
[Round "10.2"]
[White "Milov, Leonid"]
[Black "Suran, Jan"]
[Result "1-0"]
[WhiteElo "2461"]
[BlackElo "2410"]
[PlyCount "171"]
[EventDate "2019.??.??"]

1. e4 e5 2. Nf3 Nf6 3. d4 exd4 4. e5 Ne4 5. Qxd4 d5 6. exd6 Nxd6 7. Nc3 Nc6 8.
Qf4 Nf5 9. Bb5 Bd6 10. Qe4+ Qe7 11. O-O O-O 12. Re1 Qxe4 13. Nxe4 Ne5 14. Nxe5
Bxe5 15. Bd3 Nd6 16. Ng5 Re8 17. Bxh7+ Kh8 18. Bd2 Bxb2 19. Rxe8+ Nxe8 20. Re1
Nd6 21. Bd3 Bd7 22. Re7 Be8 23. Rxc7 Rc8 24. Rxc8 Nxc8 25. Bb4 Be5 26. Bc4 Kg8
27. Bd5 b6 28. g3 Bd6 29. Bxd6 Nxd6 30. Ne4 Nb5 31. f4 Nd4 32. Nd6 Kf8 33. Nxe8
Kxe8 34. Bb3 Ke7 35. Kf2 f5 36. Ke3 Nb5 37. Bc4 Nc7 38. Kd4 Kd6 39. h3 Ne8 40.
Be2 Nc7 41. Bc4 Ne8 42. g4 fxg4 43. hxg4 Nf6 44. g5 Nd7 45. Bb3 Nf8 46. Bf7 Ke7
47. Bg8 Kd6 48. f5 Nd7 49. f6 g6 50. Ke4 Nf8 51. Bf7 Nh7 52. Kf4 Nf8 53. c3 Kd7
54. Ke5 Nh7 55. Bxg6 Nxg5 56. Kd5 Nf3 57. Bf5+ Ke8 58. Bg4 Ng5 59. Bh5+ Kd7 60.
Bg4+ Ke8 61. c4 Kf7 62. Ke5 Kg6 63. Be2 Kf7 64. Kf5 Nh7 65. Bh5+ Kg8 66. Ke6
Kf8 67. Bg6 Ng5+ 68. Kd5 Nf3 69. Bh5 Nd2 70. Kd4 Nf1 71. Kd3 Kg8 72. Kd4 Ng3
73. Bg6 Ne2+ 74. Ke5 Kf8 75. a3 Nc3 76. Kd6 Na4 77. Kc6 Nc5 78. Kc7 Nb3 79. Bh5
Na5 80. Be2 Kf7 81. Kb8 a6 82. Ka7 b5 83. c5 Kxf6 84. Kb6 Nb3 85. c6 Nd4 86. c7
1-0

[Event "2BLO 1819 SC NT Nürnberg - SK Passau"]
[Site "?"]
[Date "2019.03.24"]
[Round "10.3"]
[White "Wisnet, Dominic"]
[Black "Yelisieiev, Yevhenii"]
[Result "1/2-1/2"]
[WhiteElo "2296"]
[BlackElo "2397"]
[PlyCount "45"]
[EventDate "2019.??.??"]

1. Nf3 d6 2. d4 Nf6 3. e3 Nbd7 4. c4 e5 5. Nc3 Be7 6. Be2 O-O 7. O-O c6 8. b3
Re8 9. Qc2 a6 10. Rd1 Qc7 11. Bb2 b5 12. cxb5 cxb5 13. Rac1 Bf8 14. dxe5 dxe5
15. Nd5 Qxc2 16. Nxf6+ Nxf6 17. Rxc2 e4 18. Nd4 Bd7 19. Nc6 Be6 20. Nd4 Bd7 21.
Nc6 Be6 22. Nd4 Bd7 23. Nc6 1/2-1/2

[Event "2BLO 1819 SC NT Nürnberg - SK Passau"]
[Site "?"]
[Date "2019.03.24"]
[Round "10.4"]
[White "Mischustov, Michael"]
[Black "Schmidt, Peter"]
[Result "1/2-1/2"]
[WhiteElo "2338"]
[BlackElo "2399"]
[PlyCount "66"]
[EventDate "2019.??.??"]

1. e4 d6 2. d4 Nf6 3. Nc3 g6 4. g3 Bg7 5. Bg2 O-O 6. Nge2 e5 7. O-O c6 8. a4 a5
9. h3 Na6 10. Be3 Nb4 11. f4 Re8 12. Qd2 exd4 13. Bxd4 d5 14. e5 Nd7 15. Rae1
f6 16. exf6 Nxf6 17. Be5 Ne4 18. Nxe4 dxe4 19. Qxd8 Rxd8 20. Rd1 Be6 21. Bxg7
Kxg7 22. Nd4 Bc4 23. Rfe1 c5 24. Nb5 Rxd1 25. Rxd1 e3 26. Na3 Ba6 27. c3 e2 28.
Re1 Nd3 29. Rxe2 Nxf4 30. Re7+ Kf6 31. Rxh7 Nxg2 32. Kxg2 Rd8 33. Rc7 Rd2+
1/2-1/2

[Event "2BLO 1819 SC NT Nürnberg - SK Passau"]
[Site "?"]
[Date "2019.03.24"]
[Round "10.5"]
[White "Weiss, Christian"]
[Black "Kirchner, Thomas"]
[Result "1-0"]
[WhiteElo "2367"]
[BlackElo "2320"]
[PlyCount "117"]
[EventDate "2019.??.??"]

1. b3 Nf6 2. Bb2 e6 3. e3 Be7 4. f4 d5 5. Nf3 c5 6. Be2 Nc6 7. O-O O-O 8. Qe1
Nd7 9. c4 Bf6 10. Nc3 Nb6 11. Qb1 Bd7 12. Kh1 Rc8 13. d3 a6 14. e4 d4 15. Nd1
Be7 16. Nf2 f5 17. Bc1 a5 18. Bd2 Na8 19. g4 Nc7 20. Rg1 g6 21. Rg3 Ne8 22.
gxf5 exf5 23. e5 Ng7 24. Nh3 Ne6 25. Qg1 Kf7 26. Ne1 Nb8 27. Bf3 Bc6 28. Bxc6
Rxc6 29. Nf3 Ra6 30. Qg2 Qd7 31. Rg1 Rg8 32. a4 Nc6 33. Rb1 Nb4 34. Bxb4 axb4
35. Kg1 Qc6 36. Kf2 Bd8 37. Rg1 Rg7 38. Ke2 Rg8 39. Kd2 Rg7 40. Qf2 Be7 41.
Nfg5+ Bxg5 42. Nxg5+ Nxg5 43. Rxg5 Ra8 44. Qh4 Rag8 45. Qh3 Qe6 46. Qg2 Rb8 47.
h4 Rgg8 48. h5 b6 49. Kc2 Rbe8 50. Qh1 Rh8 51. R1g3 Rb8 52. Rh3 Rhg8 53. hxg6+
hxg6 54. Rh6 Rbe8 55. Kd2 Rg7 56. Ke2 Qf6 57. Qd5+ Qe6 58. Rxf5+ gxf5 59. Rf6+
1-0

[Event "2BLO 1819 SC NT Nürnberg - SK Passau"]
[Site "?"]
[Date "2019.03.24"]
[Round "10.6"]
[White "Promyshlyanskiy, Vitaliy"]
[Black "Testor, Sebastian"]
[Result "1/2-1/2"]
[WhiteElo "2282"]
[BlackElo "2293"]
[PlyCount "45"]
[EventDate "2019.??.??"]

1. e4 e6 2. d4 d5 3. Nd2 c5 4. Ngf3 cxd4 5. exd5 Qxd5 6. Bc4 Qd6 7. O-O Nf6 8.
Nb3 Nc6 9. Nbxd4 Nxd4 10. Nxd4 a6 11. Re1 Qc7 12. Qe2 h6 13. b3 Bb4 14. Bd2
Bxd2 15. Qxd2 O-O 16. Rad1 b5 17. Bf1 Bb7 18. c4 bxc4 19. Bxc4 Rfd8 20. Qe3 Qa5
21. Qd2 Qc7 22. Qe3 Qa5 23. Qd2 1/2-1/2

[Event "2BLO 1819 SC NT Nürnberg - SK Passau"]
[Site "?"]
[Date "2019.03.24"]
[Round "10.7"]
[White "Hellmayr, Alois"]
[Black "Walter, Florian"]
[Result "1/2-1/2"]
[WhiteElo "2283"]
[BlackElo "2211"]
[PlyCount "74"]
[EventDate "2019.??.??"]

1. d4 Nf6 2. Nf3 g6 3. Nbd2 d5 4. e3 Bg7 5. b4 O-O 6. c4 a5 7. b5 c5 8. bxc6
bxc6 9. Ba3 Nbd7 10. Rc1 Re8 11. Be2 Ba6 12. O-O Rc8 13. cxd5 Bxe2 14. Qxe2
cxd5 15. Qb5 Rb8 16. Qa4 Bf8 17. Rc6 Rb6 18. Rxb6 Qxb6 19. Rb1 Qa6 20. Ne5 Rb8
21. Rc1 Nxe5 22. dxe5 Qe2 23. Qxa5 Ng4 24. Rf1 Rc8 25. Nf3 Rb8 26. Qc7 Ra8 27.
Bxe7 Nxe3 28. Re1 Qc2 29. Qxc2 Nxc2 30. Rc1 Rxa2 31. Bd6 d4 32. Rd1 Bxd6 33.
exd6 Ra6 34. Kf1 Rxd6 35. Ke2 Kg7 36. Rd3 Kf6 37. Kd2 Nb4 1/2-1/2

[Event "2BLO 1819 SC NT Nürnberg - SK Passau"]
[Site "?"]
[Date "2019.03.24"]
[Round "10.8"]
[White "Heimrath, Reiner"]
[Black "Mostbauer, Florian"]
[Result "0-1"]
[WhiteElo "2239"]
[BlackElo "2349"]
[PlyCount "140"]
[EventDate "2019.??.??"]

1. e4 c6 2. d3 d5 3. Nd2 e5 4. Ngf3 Bd6 5. Be2 Nf6 6. O-O O-O 7. Re1 Re8 8. Bf1
Nbd7 9. b3 a5 10. Bb2 a4 11. Rb1 Qc7 12. exd5 cxd5 13. c4 axb3 14. axb3 d4 15.
Ng5 Bb4 16. f4 Ra2 17. Re2 Nc5 18. Ndf3 h6 19. fxe5 Ng4 20. Ne4 Ne3 21. Rxe3
dxe3 22. Nd6 Rd8 23. d4 Ne6 24. Nb5 Qb6 25. Kh1 Nf4 26. Bd3 e2 27. Qc2 Nxd3 28.
Qxd3 Qg6 29. Qxg6 fxg6 30. Bc3 Bxc3 31. Nxc3 Rc2 32. Nd5 Bg4 33. Kg1 Bxf3 34.
gxf3 Rd2 35. Re1 Rxd4 36. Rxe2 R4xd5 37. cxd5 Rxd5 38. e6 Kf8 39. Re4 Ke7 40.
Rb4 b5 41. Re4 Rd3 42. Rb4 Rxf3 43. Rxb5 Kxe6 44. Rb6+ Kf7 45. Rb7+ Kg8 46. Kg2
Rf4 47. Kg3 g5 48. Kg2 Rd4 49. Kf3 Kh7 50. Kg3 h5 51. Kf3 Rd3+ 52. Kg2 g4 53.
Rb6 g6 54. Rb8 Kh6 55. Rb5 Rc3 56. Kf2 h4 57. Rb4 Kh5 58. Rb5+ g5 59. Kf1 g3
60. hxg3 Rxg3 61. Kf2 Rc3 62. Kg2 Rc2+ 63. Kf3 Rc3+ 64. Kg2 h3+ 65. Kf2 Kh4 66.
Rb8 Rc2+ 67. Kf3 g4+ 68. Kf4 Rf2+ 69. Ke3 Rf6 70. b4 Kg3 0-1

[Event "2BLO 1819 FC Bayern München - TSV Bind"]
[Site "?"]
[Date "2019.03.24"]
[Round "10.1"]
[White "Kriebel, Tadeas"]
[Black "Georgiadis, Nico"]
[Result "1/2-1/2"]
[WhiteElo "2507"]
[BlackElo "2525"]
[PlyCount "52"]
[EventDate "2019.??.??"]

1. e4 e5 2. Nf3 Nc6 3. Bb5 Nf6 4. d3 Bc5 5. Bxc6 dxc6 6. Be3 Bd6 7. h3 c5 8.
Nbd2 Nd7 9. O-O Nf8 10. Nc4 Ng6 11. c3 O-O 12. d4 cxd4 13. cxd4 exd4 14. Bxd4
Re8 15. Qc2 Bf8 16. Rad1 Qe7 17. Rfe1 b6 18. Ne3 Qxe4 19. Qxc7 Qb7 20. Qg3 Be6
21. h4 Qb8 22. Qg5 h6 23. Qh5 Bxa2 24. Nf5 Be6 25. Be5 Nxe5 26. Nxe5 Qc8
1/2-1/2

[Event "2BLO 1819 FC Bayern München - TSV Bind"]
[Site "?"]
[Date "2019.03.24"]
[Round "10.2"]
[White "Bischoff, Klaus"]
[Black "Petr, Martin"]
[Result "1/2-1/2"]
[WhiteElo "2511"]
[BlackElo "2462"]
[PlyCount "33"]
[EventDate "2019.??.??"]

1. c4 c5 2. Nf3 Nc6 3. d4 cxd4 4. Nxd4 g6 5. e4 Nf6 6. Nc3 d6 7. Nc2 Bg7 8. Be2
O-O 9. Be3 Nd7 10. Qd2 Nc5 11. f3 Qa5 12. Nd1 Qxd2+ 13. Kxd2 f5 14. exf5 Bxf5
15. Nc3 Bxc2 16. Kxc2 Nd4+ 17. Bxd4 1/2-1/2

[Event "2BLO 1819 FC Bayern München - TSV Bind"]
[Site "?"]
[Date "2019.03.24"]
[Round "10.3"]
[White "Cech, Pavel"]
[Black "Fedorovsky, Michael"]
[Result "1/2-1/2"]
[WhiteElo "2324"]
[BlackElo "2451"]
[PlyCount "29"]
[EventDate "2019.??.??"]

1. d4 Nf6 2. Bg5 d5 3. e3 c5 4. c3 Ne4 5. Bf4 Nc6 6. Nd2 Nxd2 7. Qxd2 cxd4 8.
exd4 Bf5 9. Nf3 e6 10. Bd3 Bxd3 11. Qxd3 Bd6 12. Bxd6 Qxd6 13. O-O h6 14. Rae1
O-O 15. Ne5 1/2-1/2

[Event "2BLO 1819 FC Bayern München - TSV Bind"]
[Site "?"]
[Date "2019.03.24"]
[Round "10.4"]
[White "Johansson, Linus"]
[Black "Wall, Gavin"]
[Result "1-0"]
[WhiteElo "2479"]
[BlackElo "2315"]
[PlyCount "77"]
[EventDate "2019.??.??"]

1. Nf3 d6 2. d4 f5 3. g3 Nf6 4. Bg2 g6 5. O-O Bg7 6. b3 O-O 7. Bb2 c6 8. Nbd2
a5 9. a3 b5 10. c4 bxc4 11. bxc4 Na6 12. Qc2 Nc7 13. Bc3 Bd7 14. Rfb1 f4 15.
gxf4 Nh5 16. e3 Bf5 17. Qa4 Bxb1 18. Rxb1 Qd7 19. Rb6 Ra6 20. Rxa6 Nxa6 21. Ng5
Nb8 22. Bh3 Qb7 23. Qxa5 c5 24. d5 Bxc3 25. Qxc3 Ng7 26. Ne6 Rf6 27. Nxg7 Kxg7
28. Kg2 Kh6 29. Ne4 Rf8 30. Ng5 Qb1 31. Be6 Na6 32. e4 Rxf4 33. Qh3+ Kg7 34.
Qxh7+ Kf6 35. h4 Rxf2+ 36. Kxf2 Qb2+ 37. Kg3 Qe5+ 38. Kh3 Qc3+ 39. Kg4 1-0

[Event "2BLO 1819 FC Bayern München - TSV Bind"]
[Site "?"]
[Date "2019.03.24"]
[Round "10.5"]
[White "Krensing, Jan"]
[Black "Zajogin, Alexander"]
[Result "1/2-1/2"]
[WhiteElo "2365"]
[BlackElo "2422"]
[PlyCount "65"]
[EventDate "2019.??.??"]

1. d4 Nf6 2. c4 e6 3. Nf3 Bb4+ 4. Nbd2 O-O 5. a3 Bxd2+ 6. Qxd2 b6 7. b4 Bb7 8.
e3 Ne4 9. Qc2 f5 10. Bb2 d6 11. Be2 Nd7 12. O-O Ndf6 13. Ne1 Ng4 14. h3 Qh4 15.
Nf3 Qh6 16. Bd3 Ngf6 17. d5 e5 18. Nd2 Bc8 19. f4 Bd7 20. Rae1 Nxd2 21. Qxd2
exf4 22. Rxf4 Qg6 23. Ref1 Ne4 24. Bxe4 fxe4 25. Kh2 Rae8 26. Qf2 Rxf4 27. Qxf4
h6 28. g4 Ra8 29. Kg3 h5 30. Kh4 hxg4 31. hxg4 Qh7+ 32. Kg3 Qg6 33. Rf2 1/2-1/2

[Event "2BLO 1819 FC Bayern München - TSV Bind"]
[Site "?"]
[Date "2019.03.24"]
[Round "10.6"]
[White "Lindgren, Philip"]
[Black "Kukel, Imre"]
[Result "1-0"]
[WhiteElo "2383"]
[BlackElo "2294"]
[PlyCount "71"]
[EventDate "2019.??.??"]

1. d4 Nf6 2. c4 g6 3. Nf3 Bg7 4. Nc3 d5 5. Qb3 dxc4 6. Qxc4 O-O 7. e4 a6 8. Be2
b5 9. Qb3 c5 10. dxc5 Be6 11. Qc2 Nbd7 12. Be3 Rc8 13. Rd1 b4 14. Nd5 Bxd5 15.
exd5 Nxc5 16. O-O Qd6 17. Rc1 Nfd7 18. Rfd1 Qb8 19. Qb1 Qb7 20. Nd4 Na4 21. Nc6
Nb8 22. Qc2 Nb6 23. Bf3 Bf6 24. Qe4 Na4 25. Bd4 Nxc6 26. dxc6 Qb5 27. Bxf6 exf6
28. Qd4 Kg7 29. c7 Qa5 30. Qd5 Qb6 31. Rc6 Qa7 32. Qd6 Nxb2 33. Qxf6+ Kg8 34.
Rd8 Rxc7 35. Rxf8+ Kxf8 36. Qd8+ 1-0

[Event "2BLO 1819 FC Bayern München - TSV Bind"]
[Site "?"]
[Date "2019.03.24"]
[Round "10.7"]
[White "Loew, Gerald"]
[Black "Lokander, Martin"]
[Result "0-1"]
[WhiteElo "2155"]
[BlackElo "2432"]
[PlyCount "80"]
[EventDate "2019.??.??"]

1. c4 c6 2. e4 d5 3. exd5 cxd5 4. cxd5 Nf6 5. Nc3 Nxd5 6. Nf3 Nc6 7. Bb5 Nxc3
8. bxc3 e6 9. O-O Be7 10. d4 O-O 11. Re1 Qc7 12. Bd3 Bd7 13. Bc2 Rac8 14. Qd3
g6 15. Bh6 Rfe8 16. Rac1 Ba3 17. Rb1 Bd6 18. Ng5 Bxh2+ 19. Kh1 Bf4 20. Nxf7 Re7
21. Ng5 Bxg5 22. Bxg5 Rf7 23. d5 Nd8 24. Bb3 Qd6 25. Rbd1 e5 26. Qe3 Rf5 27. g4
Rxg5 28. Qxg5 Nf7 29. Qh4 Rxc3 30. Rc1 Rf3 31. Re3 Rf4 32. f3 h5 33. Rg1 Kg7
34. Qh2 hxg4 35. fxg4 Bxg4 36. Rxg4 Rxg4 37. Rh3 Qf6 38. Qe2 Qg5 39. d6 Nxd6
40. Kh2 Qf4+ 0-1

[Event "2BLO 1819 FC Bayern München - TSV Bind"]
[Site "?"]
[Date "2019.03.24"]
[Round "10.8"]
[White "Rafiee, Makan"]
[Black "Pfadenhauer, Johannes"]
[Result "1-0"]
[WhiteElo "2346"]
[BlackElo "2186"]
[PlyCount "81"]
[EventDate "2019.??.??"]

1. e4 d5 2. exd5 Qxd5 3. Nc3 Qd8 4. d4 Nf6 5. Nf3 Bg4 6. h3 Bxf3 7. Qxf3 c6 8.
Be3 e6 9. Bd3 Nbd7 10. Qg3 Nb6 11. a3 Qd6 12. Qf3 Be7 13. O-O-O Nbd5 14. Ne4
Nxe4 15. Bxe4 O-O 16. c4 Nxe3 17. Qxe3 Bf6 18. Rd2 Rfd8 19. Rhd1 Rac8 20. Kb1
g6 21. f4 Rc7 22. g4 Rcd7 23. h4 c5 24. d5 Bd4 25. Qf3 exd5 26. Bxd5 Re7 27. f5
Rde8 28. Rf1 Re1+ 29. Rxe1 Rxe1+ 30. Ka2 b6 31. g5 gxf5 32. h5 Re5 33. g6 hxg6
34. hxg6 Rxd5 35. gxf7+ Kxf7 36. cxd5 Qe5 37. Re2 Qf6 38. Qh5+ Kg7 39. Re6 Qf7
40. Qg5+ Kf8 41. Qd8+ 1-0

[Event "2BLO 1819 Münchner SC 1836 - Nickelhü"]
[Site "?"]
[Date "2019.03.24"]
[Round "10.1"]
[White "Papp, Gabor"]
[Black "Jones, Gawain C B"]
[Result "1/2-1/2"]
[WhiteElo "2599"]
[BlackElo "2681"]
[PlyCount "84"]
[EventDate "2019.??.??"]

1. e4 e5 2. Nf3 Nc6 3. d4 exd4 4. Nxd4 Nf6 5. Nc3 Bb4 6. Nxc6 bxc6 7. Bd3 d5 8.
exd5 O-O 9. O-O cxd5 10. Bg5 Be6 11. Ne2 h6 12. Bh4 Bd6 13. Nd4 Bd7 14. Nf5
Bxf5 15. Bxf5 Rb8 16. Rb1 Rb4 17. Bg3 c5 18. c3 Rb6 19. Re1 Qb8 20. b3 Rd8 21.
Qc2 a5 22. Bd3 Re8 23. Rxe8+ Qxe8 24. Qe2 Qxe2 25. Bxe2 Bxg3 26. hxg3 c4 27.
Bf3 Kf8 28. g4 cxb3 29. Rxb3 Rc6 30. Rb5 a4 31. Bxd5 Rxc3 32. Rb8+ Ke7 33. Rb7+
Kd6 34. Bxf7 Nxg4 35. g3 Rc1+ 36. Kg2 Rc2 37. Kf3 Nxf2 38. Bg8 g5 39. Rb6+ Ke5
40. Re6+ Kf5 41. Rd6 Ke5 42. Re6+ Kd4 1/2-1/2

[Event "2BLO 1819 Münchner SC 1836 - Nickelhü"]
[Site "?"]
[Date "2019.03.24"]
[Round "10.2"]
[White "Tabatabaei, M.amin"]
[Black "Antal, Gergely"]
[Result "1/2-1/2"]
[WhiteElo "2600"]
[BlackElo "2552"]
[PlyCount "32"]
[EventDate "2019.??.??"]

1. e4 e6 2. d4 d5 3. Nc3 Bb4 4. e5 Qd7 5. a3 Bxc3+ 6. bxc3 b6 7. Qg4 f5 8. Qg3
Nc6 9. Bb5 Bb7 10. Ne2 a6 11. Bd3 O-O-O 12. Nf4 Na5 13. h4 Rf8 14. h5 Nc4 15.
h6 Nxh6 16. Nh5 Nf7 1/2-1/2

[Event "2BLO 1819 Münchner SC 1836 - Nickelhü"]
[Site "?"]
[Date "2019.03.24"]
[Round "10.3"]
[White "Meijers, Viesturs"]
[Black "Speelman, Jon S"]
[Result "1/2-1/2"]
[WhiteElo "2433"]
[BlackElo "2516"]
[PlyCount "44"]
[EventDate "2019.??.??"]

1. Nf3 Nf6 2. g3 b5 3. Bg2 Bb7 4. d4 e6 5. a4 b4 6. c4 bxc3 7. bxc3 c5 8. a5
Na6 9. O-O Be7 10. Ne5 Bxg2 11. Kxg2 O-O 12. Qd3 Qc8 13. Bg5 cxd4 14. cxd4 Qb7+
15. Qf3 Qxf3+ 16. Kxf3 h6 17. Bxf6 gxf6 18. Nd3 Nb4 19. Nxb4 Bxb4 20. Ra4 Rab8
21. Rc1 d5 22. e3 f5 1/2-1/2

[Event "2BLO 1819 Münchner SC 1836 - Nickelhü"]
[Site "?"]
[Date "2019.03.24"]
[Round "10.4"]
[White "Schnider, Gert"]
[Black "Slobodjan, Roman"]
[Result "1-0"]
[WhiteElo "2424"]
[BlackElo "2457"]
[PlyCount "63"]
[EventDate "2019.??.??"]

1. e4 e5 2. Nf3 Nc6 3. Bc4 Nf6 4. Ng5 d5 5. exd5 Na5 6. Bb5+ c6 7. dxc6 bxc6 8.
Bd3 Nd5 9. h4 f5 10. Be2 Qf6 11. d4 exd4 12. O-O Bc5 13. Bh5+ g6 14. Qe1+ Be7
15. Bf3 Nc4 16. Qe2 Ncb6 17. Re1 O-O 18. c4 dxc3 19. Nxc3 Bd6 20. Bd2 Rb8 21.
Nxd5 cxd5 22. Qd3 d4 23. a4 Bd7 24. a5 Nc8 25. Bd5+ Kh8 26. Nf3 Ne7 27. Bg5 Qg7
28. Be6 Bxe6 29. Rxe6 Nc8 30. Nxd4 Bc5 31. Bf4 Bxd4 32. Bxb8 1-0

[Event "2BLO 1819 Münchner SC 1836 - Nickelhü"]
[Site "?"]
[Date "2019.03.24"]
[Round "10.6"]
[White "Berchtenbreiter, Maximilian"]
[Black "Langrock, Hannes"]
[Result "1-0"]
[WhiteElo "2445"]
[BlackElo "2371"]
[PlyCount "85"]
[EventDate "2019.??.??"]

1. d4 Nf6 2. Nf3 d5 3. Bf4 c5 4. c3 Nc6 5. e3 Qb6 6. Qb3 c4 7. Qc2 Bf5 8. Qc1
e6 9. Nbd2 Be7 10. b3 Qa5 11. a4 cxb3 12. Nxb3 Qb6 13. Qb2 a5 14. Bb5 h6 15.
O-O O-O 16. Rac1 Nh5 17. Be5 Nf6 18. h3 Nxe5 19. Nxe5 Qd6 20. Ra1 Rfc8 21. Rfc1
b6 22. c4 dxc4 23. Nxc4 Qd8 24. Ne5 Be4 25. Nd2 Bd5 26. Bc6 Bxc6 27. Nxc6 Qd7
28. Nxe7+ Qxe7 29. Rxc8+ Rxc8 30. Qxb6 e5 31. Qxa5 exd4 32. exd4 Qe2 33. Nf3
Ne4 34. Qe1 Qb2 35. a5 Nxf2 36. a6 Nd3 37. Qf1 Nc1 38. Ra5 Nb3 39. Rd5 Nd2 40.
Nxd2 Rc1 41. a7 Qxd2 42. a8=Q+ Kh7 43. Qa1 1-0

[Event "2BLO 1819 Münchner SC 1836 - Nickelhü"]
[Site "?"]
[Date "2019.03.24"]
[Round "10.7"]
[White "Eichner, Sebastian"]
[Black "Lapcevic, Milos"]
[Result "0-1"]
[WhiteElo "2347"]
[BlackElo "2384"]
[PlyCount "152"]
[EventDate "2019.??.??"]

1. d4 Nf6 2. c4 e6 3. Nc3 Bb4 4. e3 O-O 5. Bd3 d5 6. Nf3 b6 7. O-O Bb7 8. cxd5
exd5 9. Qc2 a6 10. Ne5 c5 11. Bd2 Nc6 12. Nb1 Bxd2 13. Nxc6 Bxc6 14. Nxd2 c4
15. Rac1 Rc8 16. Bf5 Bd7 17. Rfd1 Re8 18. Qb1 b5 19. Bc2 Bc6 20. Nf3 Qd6 21.
Ne5 Bb7 22. b3 Rb8 23. h3 g6 24. a4 Nd7 25. axb5 axb5 26. bxc4 bxc4 27. Nxd7
Qxd7 28. Qa1 Bc6 29. Rb1 Ra8 30. Qb2 Qd6 31. Ra1 Rab8 32. Qc3 Qb4 33. Ra3 Kf8
34. Kf1 Qxc3 35. Rxc3 f5 36. Ra1 Rb2 37. Ke2 Ra8 38. Rxa8+ Bxa8 39. Kd2 Ra2 40.
Kc1 Ke7 41. Kb1 Ra6 42. Kb2 Rb6+ 43. Kc1 Ra6 44. Bb1 Kd6 45. Rc2 Bc6 46. Rb2
Kc7 47. Rb4 Ra5 48. Kd2 Bd7 49. Kc3 Ra3+ 50. Kb2 Ra5 51. f3 Bc6 52. g4 fxg4 53.
hxg4 Ra8 54. Kc3 Ra3+ 55. Kd2 c3+ 56. Kc1 Ba4 57. Bc2 Ra1+ 58. Rb1 Rxb1+ 59.
Bxb1 Kd6 60. g5 Bb3 61. Bc2 Bc4 62. Kd1 Ke6 63. Ke1 Kd6 64. Kf2 Kc6 65. f4 Kb5
66. f5 gxf5 67. Bxf5 Kb4 68. Bxh7 Kb3 69. Kf3 Kb2 70. Bf5 c2 71. Bxc2 Kxc2 72.
e4 Kd3 73. e5 Bb5 74. Kf4 Bd7 75. g6 Kxd4 76. g7 Be6 0-1

[Event "2BLO 1819 Münchner SC 1836 - Nickelhü"]
[Site "?"]
[Date "2019.03.24"]
[Round "10.8"]
[White "Babiy, Olga"]
[Black "Wichmann, Cliff"]
[Result "1/2-1/2"]
[WhiteElo "2305"]
[BlackElo "2278"]
[PlyCount "36"]
[EventDate "2019.??.??"]

1. e4 e6 2. d4 d5 3. Nc3 Nf6 4. e5 Nfd7 5. f4 c5 6. Nf3 Be7 7. Be3 O-O 8. Qd2
b6 9. Be2 Nc6 10. O-O f6 11. exf6 Nxf6 12. Bb5 Qc7 13. Rae1 Ng4 14. Ne2 Nb4 15.
Ba4 b5 16. c3 bxa4 17. cxb4 cxb4 18. Rc1 Qd8 1/2-1/2